| 000 | 00361 a2200145 4500 | ||
|---|---|---|---|
| 001 | 169046 | ||
| 020 | _a | ||
| 040 | _cMagnum | ||
| 100 | _aSantos, Santa Marli Pires Dos (Org.) | ||
| 240 | 1 | 0 |
_aBrinquedoteca: a crianca, o adulto e o ludico _lpor |
| 245 | 1 | 0 | _aBrinquedoteca: a crianca, o adulto e o ludico |
| 362 | 0 | _a1899 | |
| 697 | _aGERAL | ||
| 942 | _cBK | ||
| 999 |
_c169046 _d169046 |
||